00677nam a2200181 a 450000100100000000500170001000800410002702000180006804000250008608200140011110000280012524501070015326000610026030000300032150000700035150000420042150400320046300003448020200930073726.0111005s2009 mx a 000 0 spa d a9786079513801 aDO-SdBNPbspacBNPHU axxxbT95e1 aTurrent Díaz, Eduardo10aEstatización bancaria en México :bantecedentes, causas y consecuencias /cEduardo Turrent Díaz. aMéxico :bCentro de Estudios Espinosa Yglesias,c2009. a465 p. :bgraf. ;c24 cm. aIncluye datos biográficos del autor en la solapa de la cubierta aIncluye notas al pie de las páginas aBibliografía : p. 447-464